[Event "Madrid-ch Semifinal A"]
[Site "Madrid ESP"]
[Date "2016.03.30"]
[Round "9.9"]
[White "Marcos Herrero, Francisco"]
[Black "Alvarez Abejon, Amilcar"]
[Result "0-1"]
[WhiteElo "1963"]
[BlackElo "2016"]
[PlyCount "84"]
[EventDate "2016.03.07"]
[EventType "swiss"]
[EventRounds "9"]
[EventCountry "ESP"]
[Source "lmi"]
[SourceDate "2016.03.07"]

1. d4 d5 2. c4 e6 3. Nf3 c5 4. cxd5 exd5 5. g3 Nf6 6. Bg2 Nc6 7. Nc3 Be7 8. O-O
O-O 9. Bg5 c4 10. Ne5 Be6 11. Nxc6 bxc6 12. b3 Qa5 13. Qd2 Rfd8 14. Nxd5 Qxd2
15. Nxe7+ Kf8 16. Bxd2 Kxe7 17. Bxc6 Rab8 18. bxc4 Rxd4 19. Bf4 Rc8 20. Bf3
Rdxc4 21. Rfd1 Ne4 22. a3 f5 23. h4 h6 24. Rdc1 Nc3 25. Kf1 Kf6 26. h5 Bf7 27.
Rc2 Nd5 28. Rxc4 Rxc4 29. Rc1 Nxf4 30. Rxc4 Bxc4 31. gxf4 Bf7 32. e3 Ke6 33.
Ke2 Kd6 34. Kd3 Kc5 35. Kc3 Be8 36. Be2 Bf7 37. Bd3 Bxh5 38. Bxf5 Bf3 39. e4 h5
40. e5 Bg2 41. Be6 h4 42. f5 Bd5 0-1

[Event "Madrid-ch Semifinal A"]
[Site "Madrid ESP"]
[Date "2016.03.30"]
[Round "9.10"]
[White "Perez Ordoñez, Jose Ramon"]
[Black "Nuñez Reiz, Antonio"]
[Result "1/2-1/2"]
[WhiteElo "1966"]
[BlackElo "2083"]
[PlyCount "133"]
[EventDate "2016.03.07"]
[EventType "swiss"]
[EventRounds "9"]
[EventCountry "ESP"]
[Source "lmi"]
[SourceDate "2016.03.07"]

1. b3 Nf6 2. Bb2 g6 3. Bxf6 exf6 4. c4 d5 5. cxd5 Qxd5 6. Nc3 Qa5 7. g3 Bg7 8.
Bg2 c6 9. e3 Nd7 10. Nge2 O-O 11. O-O f5 12. Qc2 Nf6 13. d4 Re8 14. a3 Be6 15.
Nf4 Rac8 16. Nd3 Nd5 17. b4 Qd8 18. Rfc1 Nxc3 19. Qxc3 Bd5 20. Bxd5 Qxd5 21.
Qc4 Qf3 22. Ne1 Qe4 23. Qc2 g5 24. Qxe4 fxe4 25. Rc5 h6 26. Rac1 Rcd8 27. g4
Bf8 28. Rf5 Kg7 29. Nc2 Kg6 30. f3 h5 31. Rf1 f6 32. f4 Bh6 33. fxg5 Bxg5 34.
h4 Bxh4 35. Rxh5 Bg5 36. Kg2 b6 37. Rh3 Rd5 38. Rb1 Rf8 39. Rf1 c5 40. bxc5
bxc5 41. Rb1 Rc8 42. Rb2 cxd4 43. Nxd4 Bxe3 44. Nf5 Bc5 45. Rc2 Re8 46. Rh5
Ree5 47. a4 e3 48. Re2 Bb6 49. Ne7+ Rxe7 50. Rxd5 Re4 51. a5 Rxg4+ 52. Kf3 Rd4
53. Rb5 Bc7 54. Rc2 Bf4 55. Rb7 Rd2 56. Rxd2 exd2 57. Rd7 Bc7 58. a6 Ba5 59.
Ke2 Bb6 60. Kxd2 Kf5 61. Ke2 Ke6 62. Rd1 Ke5 63. Kf3 Bd4 64. Kg4 f5+ 65. Kf3 f4
66. Rd3 Be3 67. Rxe3+ 1/2-1/2

[Event "Madrid-ch Semifinal A"]
[Site "Madrid ESP"]
[Date "2016.03.30"]
[Round "9.11"]
[White "Lozano Sanchez, Jose Antonio"]
[Black "Cano Mercado, Francisco Manuel"]
[Result "1/2-1/2"]
[WhiteElo "1886"]
[BlackElo "1837"]
[PlyCount "147"]
[EventDate "2016.03.07"]
[EventType "swiss"]
[EventRounds "9"]
[EventCountry "ESP"]
[Source "lmi"]
[SourceDate "2016.03.07"]

1. e4 e6 2. Nf3 d5 3. exd5 exd5 4. d4 Nf6 5. Bf4 Be7 6. Bd3 Bg4 7. Nbd2 Nbd7 8.
c3 O-O 9. O-O c5 10. dxc5 Nxc5 11. Be2 Bf5 12. Nd4 Bg6 13. N2f3 Nh5 14. Be3 Nf6
15. Ne5 Bd6 16. Nxg6 hxg6 17. Nb3 Ne6 18. Nd4 Nf4 19. Bf3 Ne4 20. Qb3 Ng5 21.
Rfd1 Qf6 22. Bxd5 Qe5 23. Bxf4 Qxf4 24. g3 Qg4 25. Bg2 Bc5 26. Rd3 Rad8 27. Qd1
Qc8 28. Qd2 Nh7 29. Rd1 Nf6 30. Nb3 Rxd3 31. Qxd3 Bb6 32. Qf3 Rd8 33. Rxd8+
Qxd8 34. Qe2 Qd7 35. Qd2 Qa4 36. Nc1 Ng4 37. Nd3 Qxa2 38. Bxb7 Qb1+ 39. Kg2 Nf6
40. h3 Qa2 41. Nb4 Qc4 42. Bf3 Qc5 43. Nd5 Nxd5 44. Bxd5 Qe7 45. b4 Qe5 46. c4
Bd4 47. Qf4 Qxf4 48. gxf4 Bc3 49. b5 Bd4 50. Kf3 Kf8 51. Ke2 Ke7 52. f3 f6 53.
Kd3 Bc5 54. Kc3 Kd6 55. Bf7 Be3 56. Bxg6 Bxf4 57. Kd4 Be5+ 58. Ke4 Kc5 59. Bf7
g5 60. Kf5 Kb6 61. Ke6 Bd4 62. Kd5 Be5 63. Be8 Bc3 64. c5+ Kc7 65. Ke6 Bd4 66.
Kd5 Bc3 67. Bg6 Bb2 68. Bd3 Bc3 69. Ke6 Bd4 70. c6 Bc3 71. Kf5 Bd4 72. f4 Be3
73. Kxf6 Bxf4 74. Kf5 1/2-1/2

[Event "Madrid-ch Semifinal A"]
[Site "Madrid ESP"]
[Date "2016.03.30"]
[Round "9.12"]
[White "Rosa Ramirez, Victor D"]
[Black "Marin Aso, Jose Luis"]
[Result "1-0"]
[WhiteElo "1971"]
[BlackElo "1852"]
[PlyCount "29"]
[EventDate "2016.03.07"]
[EventType "swiss"]
[EventRounds "9"]
[EventCountry "ESP"]
[Source "lmi"]
[SourceDate "2016.03.07"]

1. e4 g6 2. d4 Bg7 3. Nc3 c6 4. Nge2 d6 5. Ng3 Nd7 6. Be3 Ngf6 7. Be2 h5 8. h3
Qa5 9. Bf3 Nb6 10. Qd3 h4 11. Nge2 d5 12. O-O Nc4 13. Bc1 Nxe4 14. Bxe4 dxe4
15. Qxc4 1-0

[Event "Madrid-ch Semifinal A"]
[Site "Madrid ESP"]
[Date "2016.03.30"]
[Round "9.13"]
[White "Valencia De Loma, Sergio"]
[Black "Pashov, Spas Nikolov"]
[Result "1/2-1/2"]
[WhiteElo "1689"]
[BlackElo "1834"]
[PlyCount "37"]
[EventDate "2016.03.07"]
[EventType "swiss"]
[EventRounds "9"]
[EventCountry "ESP"]
[Source "lmi"]
[SourceDate "2016.03.07"]

1. e4 e5 2. Nf3 Nc6 3. d4 exd4 4. Bc4 Bc5 5. c3 d3 6. Qb3 Qe7 7. Bxd3 Ne5 8.
Nxe5 Qxe5 9. O-O Nf6 10. Nd2 d6 11. Nf3 Qh5 12. Be3 Bxe3 13. fxe3 O-O 14. Rae1
Rb8 15. Nd2 Ng4 16. h3 Ne5 17. Qc2 Be6 18. a3 a6 19. Nf3 1/2-1/2

[Event "Madrid-ch Semifinal A"]
[Site "Madrid ESP"]
[Date "2016.03.30"]
[Round "9.14"]
[White "Roldan Garcia, Angel"]
[Black "Martin-Consuegra Barrilero, Francisco Javier"]
[Result "1/2-1/2"]
[WhiteElo "1840"]
[BlackElo "1841"]
[PlyCount "56"]
[EventDate "2016.03.07"]
[EventType "swiss"]
[EventRounds "9"]
[EventCountry "ESP"]
[Source "lmi"]
[SourceDate "2016.03.07"]

1. e4 d6 2. d4 Nf6 3. Nc3 e5 4. Nf3 Nbd7 5. Bc4 h6 6. O-O Be7 7. h3 c6 8. a4 a5
9. Re1 O-O 10. Be3 Qc7 11. Ba2 Re8 12. Qe2 exd4 13. Nxd4 Nc5 14. f3 Bf8 15. Qf2
Be6 16. Nxe6 Nxe6 17. Rad1 Qe7 18. Rd2 Nd7 19. Red1 Qf6 20. Qg3 Ndc5 21. Bxe6
Nxe6 22. Rd3 Kh7 23. b3 Be7 24. Ne2 g5 25. Bd4 Nxd4 26. Nxd4 d5 27. exd5 Bd6
28. Qg4 Bc5 1/2-1/2